000 00987nam a2200373 a 4500
003 AR-BaBNM
005 20251128205813.0
008 082120s2002 ||||||||||||||000 | spa||
020 _a950582
040 _cAR-BaBNM
245 0 0 _aProblema urbano y trabajo social
250 _a1ª ed.
260 _aBuenos Aires
_bHumanitas
_c1985
300 _a206 p.
_bgráfs., tablas
490 0 _aHumanitas-CELATS
504 _aBibliografía y notas a pie de página
650 4 _aTRABAJO SOCIAL
650 4 _aCIUDADES
650 4 _aURBANIZACION
650 4 _aPOLITICA SOCIAL
650 4 _aVIVIENDA
650 4 _aNECESIDADES DE VIVIENDA
650 4 _aORGANIZACIONES DE LA COMUNIDAD
650 4 _aSOCIOLOGIA URBANA
651 4 _aPerú
651 4 _aEcuador
651 4 _aColombia
651 4 _aChile
651 4 _aAmérica Latina
700 1 _aManrique Castro, Manuel
_ecoordinador
700 1 _aMaguiña, Alejandrino
_ecoordinador
942 _cBK
998 _carturo
999 _c12874
_d12874